Statistics for Top 5 Songs On The Eminem Show (Eminem)

Click here to take the quiz!

General Stats

  • This quiz has been taken 21 times
  • The average score is 3 of 5

Answer Stats

HintAnswer% Correct
1,488,543,773Without Me
89%
314,600,262Cleanin' Out My Closet
79%
493,431,388Superman
68%
369,297,911Sing For The Moment
58%
1,569,993,712Till I Colapse
21%

Score Distribution

Percentile by Number Answered

Percent of People with Each Score

Your Score History

You have not taken this quiz